Statistics for Top 20 biggest football stadiums in Spain

Click here to take the quiz!

General Stats

  • This quiz has been taken 33 times
  • The average score is 11 of 20

Answer Stats

HintAnswer% Correct
99,354Camp Nou
100%
81,000Estadio Santiago Bernabeu
100%
49,677Mestalla Stadium
90%
68,456Metropolitano Stadium
86%
42,714Estadio Ramón Sánchez-Pizjuán
79%
53,332San Mamés Stadium
76%
60,720Estadio Benito Villamarín
69%
39,500Estadio de Anoeta/Reale Arena
66%
60,000Estadio de La Cartuja
55%
32,500Estadio Municipal de Balaídos/Abanca-Balaídos
52%
34,596Estadio La Romareda
48%
30,044Estadio La Rosaleda
48%
34,600Estadio Municipal de Riazor
48%
40,500Estadi Cornellà-El Prat/RCDE Stadium
45%
38,750Estadio Manuel Martínez Valero
38%
60,713Estadi Olímpic Lluís Companys
34%
30,500Estadio Municipal Carlos Tartiere
34%
32,392Estadio Gran Canaria
28%
29,500Estadio José Rico Pérez
28%
33,045Estadio Enrique Roca de Murcia/Estadio Nueva Condomina
24%

Score Distribution

Percentile by Number Answered

Percent of People with Each Score

Your Score History

You have not taken this quiz